000 00303nam a22001337a 4500
008 171030b xxu||||| |||| 00| 0 eng d
020 _a0256032793
041 _aeng
080 _a336
100 _a57
101 _aFIN
245 _aRECENT ADVANCES IN CORPORATE FINANCE
_cALTMAN,E.I
942 _2udc
_cBK
999 _c36437
_d36437